Los protocolos de los sabios de Sión : los peligros judío-masónicos /
Obra que recoge presuntamente las actas del Congreso Sionista celebrado en Basilea en 1897, que los editores toman como prueba de los supuestos planes judíos para conquistar el mundo.
Guardat en:
| Autor principal: | |
|---|---|
| Format: | Llibre |
| Idioma: | espanyol |
| Matèries: | |
| Etiquetes: |
Sense etiquetes, Sigues el primer a etiquetar aquest registre!
|
MARC
| LEADER | 00000nam^a2200000^a^4500 | ||
|---|---|---|---|
| 001 | 000104314 | ||
| 005 | 20250521000000.0 | ||
| 009 | 20260310093418.118 | ||
| 037 | |a Acervo ITESO - Biblioteca | ||
| 041 | |a ESP | ||
| 082 | |a 306. 696 |b JOU | ||
| 100 | |a Jouin, M.E. |e (ed.) | ||
| 245 | 1 | 4 | |a Los protocolos de los sabios de Sión : |b los peligros judío-masónicos / |c Ed. de M.E. Jouin ; tr. por Duque de la Victoria. |
| 264 | |a México : |b Epoca, |c 1998 | ||
| 300 | |a 202 p. | ||
| 336 | |a texto |b txt |2 rdacontenido | ||
| 337 | |a sin mediación |b n |2 rdamedio | ||
| 338 | |a volumen |b nc |2 rdasoporte | ||
| 520 | |a Obra que recoge presuntamente las actas del Congreso Sionista celebrado en Basilea en 1897, que los editores toman como prueba de los supuestos planes judíos para conquistar el mundo. | ||
| 649 | |a XX | ||
| 650 | |a Judíos | ||
| 650 | |a Masones | ||
| 650 | |a Judaísmo | ||
| 650 | |a Sectas | ||
| 650 | |a Antisemitismo | ||
| 650 | |a Sionismo | ||
| 650 | |a Nacionalismo - |z Israel | ||
| 650 | |a Hegemonía | ||
| 650 | |a Política y Religión | ||
| 650 | |a Política Internacional | ||
| 650 | |a Economía Internacional | ||
| 650 | |a Israel - |x Historia | ||
| 910 | |a Fondo General | ||
| 920 | |a Impresos - Libros | ||
| 930 | |a Colección General | ||
| 905 | |a 101 | ||
| 901 | |a 0500040095 |b IT1 |c ACC |u 20250521 | ||
| 902 | |a https://opac.biblio.iteso.mx/vufind/Record/000104314 | ||